| 000 | 00553nam a2200181 a 4500 | ||
|---|---|---|---|
| 003 | PILC | ||
| 005 | 20160301142537.0 | ||
| 008 | 080110s19uu xx 00 eng d | ||
| 020 | _a9788178801957 | ||
| 050 |
_aG 156.5 _b.P972 2006 |
||
| 100 | _aPruthi, R.K. | ||
| 245 |
_aTourism industry and environmental management / _cR.K. Pruthi. |
||
| 260 |
_aNew Delhi : _bRajat Publications, _c2006. |
||
| 300 |
_a260 pages : _c23 cm. _billustrations ; |
||
| 500 | _aIncludes bibliographical references and index. | ||
| 650 | _aTourism. | ||
| 942 |
_cBK _2lcc _kFOR |
||
| 999 |
_c22761 _d22761 |
||